000
00189 a2200097 4500
020
_a
9780679823513
041
_a
eng
100
_a
Stan E Jan Berenstain
245
_a
Dont Pollute
942
_c
BK
999
_c
9528
_d
9528